[Event "Imperia op-A 54th"]
[Site "Imperia"]
[Date "2012.09.09"]
[Round "9"]
[White "Stoppa, Omar"]
[Black "Dragojlovic, Andjelko"]
[Result "1-0"]
[WhiteElo "2279"]
[BlackElo "2359"]
[PlyCount "89"]
[EventDate "2012.09.02"]
[EventType "swiss"]
[EventRounds "9"]
[EventCountry "ITA"]
[SourceTitle "EXT 2014"]
[Source "ChessBase"]
[SourceDate "2013.11.20"]
[SourceVersion "1"]
[SourceVersionDate "2013.11.20"]
[SourceQuality "1"]

1. e4 c5 2. b4 cxb4 3. a3 d5 4. exd5 Nf6 5. Bb5+ Bd7 6. Bxd7+ Qxd7 7. Nf3 Qxd5 8. 0-0 e6 9. Re1 Nc6 10. axb4 Bxb4 11. Bb2 0-0 12. Ne5 Nxe5 13. Rxe5 Qc6 14. Rg5 Be7 15. Nc3 g6 16. Qe2 Rfd8 17. h4 Rd4 18. h5 Nxh5 19. Qxh5 Rxd2 20. Qh6 Bxg5 21. Qxg5 Rxc2 22. Nd1 Rxb2 23. Nxb2 Qc3 24. Qb5 Rd8 25. Rf1 b6 26. Nd1 Qd3 27. Qa4 a5 28. Ne3 Rd4 29. Qe8+ Kg7 30. Rc1 Rb4 31. Rc8 Rf4 32. Qf8+ Kf6 33. Qh8+ Kg5 34. Qe5+ f5 35. Qxe6 Re4 36. Qxb6 a4 37. Rf8 a3 38. Qf6+ Kh5 39. g4+ fxg4 40. Ng2 Qd1+ 41. Kh2 g3+ 42. fxg3 Qg4 43. Rh8 Qd7 44. Qf3+ Rg4 45. Ne3 1-0

[Event "Bergamo op 11th"]
[Site "Bergamo"]
[Date "2012.07.13"]
[Round "2"]
[White "Stoppa, Omar"]
[Black "Georgiev, Kiril"]
[Result "0-1"]
[WhiteElo "2300"]
[BlackElo "2680"]
[PlyCount "83"]
[EventDate "2012.07.13"]
[EventType "swiss"]
[EventRounds "6"]
[EventCountry "ITA"]
[SourceTitle "CBM 149 Extra"]
[Source "ChessBase"]
[SourceDate "2012.08.24"]
[SourceVersion "1"]
[SourceVersionDate "2012.08.24"]
[SourceQuality "1"]

1. e4 c5 2. Nf3 Nc6 3. d4 cxd4 4. c3 d3 5. Bxd3 d6 6. h3 g6 7. 0-0 Bg7 8. Qe2 Nf6 9. Rd1 Nd7 10. c4 0-0 11. Nc3 Nc5 12. Be3 Bxc3 13. bxc3 Qa5 14. Nd4 Qxc3 15. Nxc6 bxc6 16. Rac1 Qa5 17. Bb1 f6 18. f4 Be6 19. h4 f5 20. e5 dxe5 21. Bd2 Qb6 22. Qxe5 Nd3+ 23. c5 Nxe5 24. cxb6 Nc4 25. bxa7 Nxd2 26. Rxd2 Bd5 27. Bc2 Rxa7 28. Bb3 e6 29. Re2 Kf7 30. Rxc6 Bxc6 31. Rxe6 Bd5 32. Bxd5 Kg7 33. Bb3 Rd8 34. Kf2 Rd2+ 35. Re2 Rd4 36. g3 Kh6 37. Re3 Kh5 38. Kf3 Rad7 39. Bc2 Rd2 40. Rc3 Rh2 41. Rc5 Rdd2 42. Rc7 0-1

[Event "Bratto op 31st"]
[Site "Bratto"]
[Date "2011.08.26"]
[Round "7"]
[White "Stoppa, Omar"]
[Black "Negro, Roberto"]
[Result "1/2-1/2"]
[WhiteElo "2286"]
[BlackElo "2170"]
[PlyCount "109"]
[EventDate "2011.08.20"]
[EventType "swiss"]
[EventRounds "9"]
[EventCountry "ITA"]
[SourceTitle "EXT 2022"]
[Source "ChessBase"]
[SourceDate "2021.10.06"]
[SourceVersion "1"]
[SourceVersionDate "2021.10.06"]
[SourceQuality "1"]

1. e4 c5 2. Nf3 d6 3. Bb5+ Nc6 4. 0-0 Bd7 5. c3 Nf6 6. Qe2 a6 7. Ba4 b5 8. Bc2 e5 9. d4 Bg4 10. dxc5 dxc5 11. h3 Be6 12. Rd1 Qc7 13. Bg5 Nd7 14. Nbd2 Be7 15. Bxe7 Nxe7 16. Nf1 0-0 17. Ne3 Nb6 18. Ng5 h6 19. Nxe6 fxe6 20. a4 c4 21. Qg4 Rf6 22. axb5 axb5 23. Rxa8+ Nxa8 24. Qe2 Ng6 25. g3 Rf8 26. Rd2 Rd8 27. Rxd8+ Qxd8 28. b3 cxb3 29. Bxb3 Nc7 30. Qg4 Qf6 31. h4 Nf8 32. Qd1 Qe7 33. Nf5 Qd7 34. Qd6 Qxd6 35. Nxd6 g6 36. Kf1 Kg7 37. Ke1 Kf6 38. Kd2 Ke7 39. Nb7 Kd7 40. Nc5+ Kd6 41. Nd3 Nd7 42. f4 Na6 43. Ke3 exf4+ 44. gxf4 e5 45. f5 gxf5 46. exf5 Nac5 47. Bc2 Nf6 48. Nf2 Nd5+ 49. Kd2 Nf6 50. Bd3 Nxd3 51. Kxd3 Kd5 52. Ke3 e4 53. Kf4 Nh5+ 54. Ke3 Nf6 55. Kf4 1/2-1/2

[Event "Condino op 11th"]
[Site "Condino"]
[Date "2011.07.25"]
[Round "2"]
[White "Gardi, Giuseppe"]
[Black "Stoppa, Omar"]
[Result "1/2-1/2"]
[WhiteElo "2026"]
[BlackElo "2286"]
[PlyCount "36"]
[EventDate "2011.07.25"]
[EventType "swiss"]
[EventRounds "7"]
[EventCountry "ITA"]
[SourceTitle "EXT 2012"]
[Source "ChessBase"]
[SourceDate "2011.11.24"]
[SourceVersion "1"]
[SourceVersionDate "2011.11.24"]
[SourceQuality "1"]

1. d4 Nf6 2. c4 a6 3. Nc3 c5 4. d5 b5 5. cxb5 axb5 6. Nxb5 Qa5+ 7. Nc3 Bb7 8. Bd2 Qb6 9. e4 e6 10. Bc4 Nxe4 11. Nf3 Nd6 12. Bb3 Be7 13. 0-0 0-0 14. Re1 c4 15. Bc2 Bf6 16. Ng5 Bxg5 17. Bxg5 Qxb2 18. Re3 Qb6 1/2-1/2

[Event "Sarzana op"]
[Site "Sarzana"]
[Date "2011.05.28"]
[Round "2"]
[White "Stoppa, Omar"]
[Black "Platino, Maurizio"]
[Result "1-0"]
[WhiteElo "2285"]
[BlackElo "1909"]
[PlyCount "83"]
[EventDate "2011.05.27"]
[EventType "swiss"]
[EventRounds "5"]
[EventCountry "ITA"]
[SourceTitle "EXT 2014"]
[Source "ChessBase"]
[SourceDate "2013.11.20"]
[SourceVersion "1"]
[SourceVersionDate "2013.11.20"]
[SourceQuality "1"]

1. e4 e6 2. d4 d5 3. Nd2 c5 4. Ngf3 Nc6 5. c3 Nf6 6. e5 Nd7 7. Bd3 Be7 8. 0-0 Qb6 9. Qa4 c4 10. Bb1 Qc7 11. Ne1 Nb6 12. Qd1 Bd7 13. f4 g6 14. Kh1 0-0-0 15. b3 Na5 16. Rf3 Kb8 17. Nc2 a6 18. Na3 Rc8 19. Bc2 cxb3 20. axb3 Nc6 21. Bb2 Na7 22. c4 dxc4 23. bxc4 Bc6 24. c5 Nd7 25. Ne4 Bxe4 26. Bxe4 f5 27. Bd3 Qc6 28. Be2 Rhd8 29. Rd3 Qe4 30. Bf3 Qxf4 31. Qb3 Rc7 32. Nc4 Nxc5 33. dxc5 Rxd3 34. Qxd3 Rxc5 35. Nd6 Nc6 36. Nxb7 Nb4 37. Qd7 Rc7 38. Qe8+ Ka7 39. Nd6 Bxd6 40. Qa8+ Kb6 41. Qb8+ Kc5 42. exd6 1-0

[Event "Imperia op-A 50th"]
[Site "Imperia"]
[Date "2008.09.06"]
[Round "8"]
[White "Stoppa, Omar"]
[Black "Pepino, Enrico"]
[Result "1-0"]
[WhiteElo "2230"]
[BlackElo "2119"]
[PlyCount "73"]
[EventDate "2008.08.31"]
[EventType "swiss"]
[EventRounds "9"]
[EventCountry "ITA"]
[SourceTitle "MCD"]
[Source "ChessBase"]
[SourceDate "1999.07.01"]
[SourceVersion "1"]
[SourceVersionDate "1999.07.01"]
[SourceQuality "1"]

1. e4 c5 2. Nf3 d6 3. d4 cxd4 4. Nxd4 Nf6 5. Nc3 g6 6. Be3 Bg7 7. f3 0-0 8. Bc4 Nc6 9. Qd2 Bd7 10. 0-0-0 Rc8 11. Bb3 Ne5 12. h4 Nc4 13. Bxc4 Rxc4 14. h5 Nxh5 15. g4 Nf6 16. Nde2 Re8 17. Rh4 Qa5 18. Kb1 Rec8 19. Bd4 Be6 20. a3 Qa6 21. Rdh1 Kf8 22. Qe3 Ke8 23. g5 Nh5 24. Bxg7 Nxg7 25. Rxh7 Nh5 26. f4 Bg4 27. Rh8+ Kd7 28. Rxc8 Rxc8 29. Nd4 e5 30. fxe5 dxe5 31. Ndb5 Qb6 32. Qd3+ Ke8 33. Nd6+ Kf8 34. Nxc8 Bxc8 35. Nd5 Qf2 36. Nf6 Nxf6 37. Qd6+ 1-0

[Event "Imperia op-A 50th"]
[Site "Imperia"]
[Date "2008.09.05"]
[Round "7"]
[White "Petrova, Kristyna"]
[Black "Stoppa, Omar"]
[Result "1-0"]
[WhiteElo "2135"]
[BlackElo "2230"]
[PlyCount "79"]
[EventDate "2008.08.31"]
[EventType "swiss"]
[EventRounds "9"]
[EventCountry "ITA"]
[SourceTitle "MCD"]
[Source "ChessBase"]
[SourceDate "1999.07.01"]
[SourceVersion "1"]
[SourceVersionDate "1999.07.01"]
[SourceQuality "1"]

1. e4 e5 2. Nf3 Nc6 3. Bb5 Nge7 4. 0-0 g6 5. c3 Bg7 6. d4 exd4 7. cxd4 a6 8. Ba4 b5 9. Bb3 h6 10. Nc3 d6 11. Be3 Na5 12. h3 0-0 13. a3 Nxb3 14. Qxb3 Kh7 15. Rfe1 f5 16. d5 c5 17. dxc6 Nxc6 18. Rad1 fxe4 19. Nxe4 Rxf3 20. gxf3 Ne5 21. Bd4 Be6 22. Qxe6 Nxf3+ 23. Kf1 Nxd4 24. Qxd6 Qh8 25. Rd3 Nf5 26. Qd7 Qf8 27. Ng3 Nxg3+ 28. Rxg3 Rd8 29. Qe6 Rd6 30. Qe7 Qxe7 31. Rxe7 Rd2 32. Rc3 Rd8 33. Rcc7 Rg8 34. Ra7 h5 35. Rxa6 Kh6 36. b4 Bd4 37. Rd6 Bg7 38. Rb6 Rc8 39. Rxb5 Rc2 40. a4 1-0

[Event "Imperia op-A 50th"]
[Site "Imperia"]
[Date "2008.09.02"]
[Round "3"]
[White "Arlandi, Ennio"]
[Black "Stoppa, Omar"]
[Result "1-0"]
[WhiteElo "2436"]
[BlackElo "2230"]
[PlyCount "49"]
[EventDate "2008.08.31"]
[EventType "swiss"]
[EventRounds "9"]
[EventCountry "ITA"]
[SourceTitle "MCD"]
[Source "ChessBase"]
[SourceDate "1999.07.01"]
[SourceVersion "1"]
[SourceVersionDate "1999.07.01"]
[SourceQuality "1"]

1. d4 e6 2. c4 Nf6 3. Nc3 b6 4. e4 d6 5. Bd3 e5 6. d5 g6 7. h3 Bg7 8. Nge2 0-0 9. Be3 Nfd7 10. g4 Nc5 11. Bc2 a5 12. Ng3 a4 13. Nxa4 Nxa4 14. Bxa4 f5 15. gxf5 gxf5 16. exf5 Qh4 17. Bc2 Qxc4 18. Rg1 Nd7 19. Nh5 Rf7 20. Bh6 Qb4+ 21. Qd2 Qh4 22. Nxg7 Kh8 23. Ne6 Nc5 24. Rg4 Qxh3 25. Rg8+ 1-0

[Event "Imperia op-A 50th"]
[Site "Imperia"]
[Date "2008.08.31"]
[Round "1"]
[White "Blasco, Domenico"]
[Black "Stoppa, Omar"]
[Result "1/2-1/2"]
[WhiteElo "2015"]
[BlackElo "2230"]
[PlyCount "90"]
[EventDate "2008.08.31"]
[EventType "swiss"]
[EventRounds "9"]
[EventCountry "ITA"]
[SourceTitle "MCD"]
[Source "ChessBase"]
[SourceDate "1999.07.01"]
[SourceVersion "1"]
[SourceVersionDate "1999.07.01"]
[SourceQuality "1"]

1. d4 e6 2. Nf3 Nf6 3. e3 b6 4. Bd3 Bb7 5. Nbd2 c5 6. c3 d6 7. 0-0 Be7 8. a3 0-0 9. b4 Nbd7 10. Bb2 Rc8 11. Rc1 e5 12. e4 exd4 13. cxd4 cxb4 14. axb4 d5 15. Rxc8 Qxc8 16. e5 Ne4 17. Qa4 Nxd2 18. Nxd2 a6 19. Rc1 b5 20. Bxb5 axb5 21. Qxb5 Ba6 22. Qxd5 Qb7 23. Qxb7 Bxb7 24. Rc7 Bc8 25. b5 Bb4 26. Nc4 Nb8 27. d5 Bd7 28. Ba3 Bxa3 29. Nxa3 Rd8 30. f4 Bf5 31. d6 Nd7 32. Nc4 Bd3 33. Kf2 Bxc4 34. Rxc4 g5 35. g3 Kf8 36. Ke3 Rb8 37. Kd4 gxf4 38. gxf4 Rxb5 39. Rc8+ Kg7 40. Rc7 Rb4+ 41. Kd5 Nf8 42. f5 Rb5+ 43. Kd4 Rb4+ 44. Kd3 Rb3+ 45. Kd4 Rb4+ 1/2-1/2

[Event "Budapest FS05 FM-A"]
[Site "Budapest"]
[Date "2008.05.03"]
[Round "1"]
[White "Stoppa, Omar"]
[Black "Darazs, Zoltan"]
[Result "1/2-1/2"]
[WhiteElo "2222"]
[BlackElo "2246"]
[PlyCount "89"]
[EventDate "2008.05.03"]
[EventType "tourn"]
[EventRounds "11"]
[EventCountry "HUN"]
[SourceTitle "CBM 124 Extra"]
[Source "ChessBase"]
[SourceDate "2008.07.03"]
[SourceVersion "1"]
[SourceVersionDate "2008.07.03"]
[SourceQuality "1"]

1. e4 c5 2. Nf3 Nc6 3. d4 cxd4 4. c3 dxc3 5. Nxc3 d6 6. Bc4 e6 7. 0-0 Be7 8. Qe2 a6 9. Rd1 b5 10. Bb3 Ra7 11. h3 Rd7 12. a3 Nf6 13. Nd4 Nxd4 14. Rxd4 0-0 15. Kh1 Bb7 16. a4 b4 17. Rxb4 d5 18. Rxb7 Rxb7 19. Bc2 dxe4 20. Nxe4 Rb4 21. Nc3 Qa8 22. Bd3 a5 23. Bc4 Qc6 24. b3 Rxb3 25. Bxb3 Qxc3 26. Rb1 Rb8 27. Bd2 Qc7 28. Qf3 e5 29. Qc3 Qxc3 30. Bxc3 Bd6 31. Bxa5 Ne4 32. Be1 Nc5 33. Bb4 Rxb4 34. Bxf7+ Kxf7 35. Rxb4 Ke6 36. f3 h5 37. h4 Kd5 38. g4 g6 39. a5 Bc7 40. Rb1 Bxa5 41. Rb8 Be1 42. gxh5 gxh5 43. Rh8 Bxh4 44. Rxh5 Bg3 45. Kg2 1/2-1/2

[Event "Budapest FS05 FM-A"]
[Site "Budapest"]
[Date "2008.05.03"]
[Round "6"]
[White "Stoppa, Omar"]
[Black "Letay, Gyula"]
[Result "1-0"]
[WhiteElo "2222"]
[BlackElo "2098"]
[PlyCount "81"]
[EventDate "2008.05.03"]
[EventType "tourn"]
[EventRounds "11"]
[EventCountry "HUN"]
[SourceTitle "CBM 124 Extra"]
[Source "ChessBase"]
[SourceDate "2008.07.03"]
[SourceVersion "1"]
[SourceVersionDate "2008.07.03"]
[SourceQuality "1"]

1. e4 e5 2. Nf3 Nc6 3. Bc4 Bc5 4. c3 Qe7 5. a4 a6 6. 0-0 d6 7. Na3 Nf6 8. d3 h6 9. Nc2 0-0 10. Be3 Ba7 11. b4 Qd8 12. b5 Ne7 13. Qd2 Re8 14. bxa6 bxa6 15. Bxh6 d5 16. exd5 gxh6 17. Nxe5 Nexd5 18. d4 Kg7 19. Rae1 Qd6 20. f4 c6 21. Rf3 Rh8 22. Rg3+ Kf8 23. Kh1 a5 24. Qd3 Nh5 25. Rf3 Nhf6 26. f5 Rb8 27. Rf2 Rb7 28. Qg3 Qc7 29. Qh4 Qd6 30. Ba6 Rb8 31. Bxc8 Rxc8 32. c4 Ne7 33. Nxf7 Kxf7 34. Re6 Qxe6 35. fxe6+ Kxe6 36. Rxf6+ Kd7 37. Qe4 Rc7 38. Qe6+ Kd8 39. Qe5 Re8 40. Qxa5 Ng8 41. Rxc6 1-0

[Event "Imperia Corallo op-A 2nd"]
[Site "Imperia"]
[Date "2007.11.17"]
[Round "3"]
[White "Faraci, Antonino"]
[Black "Stoppa, Omar"]
[Result "0-1"]
[WhiteElo "2051"]
[BlackElo "2240"]
[PlyCount "84"]
[EventDate "2007.11.16"]
[EventType "swiss"]
[EventRounds "5"]
[EventCountry "ITA"]
[SourceTitle "EXT 2010"]
[Source "ChessBase"]
[SourceDate "2010.11.25"]
[SourceVersion "1"]
[SourceVersionDate "2010.11.25"]
[SourceQuality "1"]

1. Nf3 c5 2. b3 Nc6 3. Bb2 Nf6 4. e3 d6 5. d4 cxd4 6. exd4 Bf5 7. a3 Rc8 8. Bd3 Bxd3 9. Qxd3 e6 10. Nbd2 Qd7 11. c4 Ne7 12. 0-0 Ng6 13. Rae1 Be7 14. Ne4 0-0 15. Ng3 a6 16. Nd2 d5 17. f4 Bd6 18. Ne2 dxc4 19. bxc4 b5 20. Rf3 bxc4 21. Nxc4 Nd5 22. g3 Nge7 23. Ne5 Qb5 24. Qxb5 axb5 25. Rb3 b4 26. axb4 Bxb4 27. Rb1 Rc2 28. Nc1 h5 29. Nf3 Rfc8 30. Nd3 Bd2 31. Ba3 Be3+ 32. Kh1 Nf5 33. Bc5 f6 34. Rb8 Rxb8 35. Rxb8+ Kh7 36. Rb7 Rc3 37. Nb4 Bxf4 38. Nxd5 exd5 39. Kg2 Bh6 40. Nh4 Rc2+ 41. Kh3 Nxh4 42. gxh4 Bf4 0-1

[Event "Imperia op-A 49th"]
[Site "Imperia"]
[Date "2007.09.09"]
[Round "9"]
[White "Stoppa, Omar"]
[Black "Zsifkovits, Robert"]
[Result "1-0"]
[WhiteElo "2226"]
[BlackElo "2159"]
[PlyCount "54"]
[EventDate "2007.09.02"]
[EventType "swiss"]
[EventRounds "9"]
[EventCountry "ITA"]
[SourceTitle "EXT 2009"]
[Source "ChessBase"]
[SourceDate "2008.11.26"]
[SourceVersion "1"]
[SourceVersionDate "2008.11.26"]
[SourceQuality "1"]

1. e4 e5 2. f4 exf4 3. Nf3 g5 4. Nc3 Bg7 5. Bc4 d6 6. 0-0 h6 7. d4 Nc6 8. Nd5 Nge7 9. Nxe7 Qxe7 10. c3 0-0 11. Qc2 Bd7 12. Bd2 Rae8 13. Bd3 Bg4 14. Qb3 Bc8 15. Kh1 Nd8 16. Rae1 c6 17. h3 Ne6 18. e5 dxe5 19. Nxe5 Qc7 20. Bb1 Re7 21. Qc2 Rfe8 22. Qh7+ Kf8 23. Ng4 Nxd4 24. Nxh6 Rxe1 25. Qg8+ Ke7 26. Rxe1+ Be5 27. Qxf7+ Kd8 1-0